<?xml version="1.0" encoding="UTF-8"?>
<record
    xmlns:xsi="http://www.w3.org/2001/XMLSchema-instance"
    xsi:schemaLocation="http://www.loc.gov/MARC21/slim http://www.loc.gov/standards/marcxml/schema/MARC21slim.xsd"
    xmlns="http://www.loc.gov/MARC21/slim">

  <leader>01635nam a22002417u 4500</leader>
  <controlfield tag="001">pwiiw3298</controlfield>
  <controlfield tag="003">OSt</controlfield>
  <controlfield tag="005">20260516120107.0</controlfield>
  <controlfield tag="008">020627t2002    au ||||| |||| 00| ||eng d</controlfield>
  <datafield tag="040" ind1=" " ind2=" ">
    <subfield code="c">OSt</subfield>
  </datafield>
  <datafield tag="041" ind1=" " ind2=" ">
    <subfield code="a">eng</subfield>
  </datafield>
  <datafield tag="100" ind1="1" ind2=" ">
    <subfield code="a">Brenton, Paul</subfield>
  </datafield>
  <datafield tag="245" ind1="1" ind2="0">
    <subfield code="a">Making EU Trade Agreements Work: The Role of Rules of Origin</subfield>
  </datafield>
  <datafield tag="260" ind1=" " ind2=" ">
    <subfield code="a">Wien :</subfield>
    <subfield code="b">Wiener Institut f&#xFC;r Internationale Wirtschaftsvergleiche (wiiw),</subfield>
    <subfield code="c">2002.</subfield>
  </datafield>
  <datafield tag="490" ind1="1" ind2=" ">
    <subfield code="a">wiiw Balkan Observatory Working Papers</subfield>
    <subfield code="v">27</subfield>
  </datafield>
  <datafield tag="520" ind1=" " ind2=" ">
    <subfield code="a">A key element of the EU&#x2019;s free trade and preferential trade agreements is the extent to which they deliver improved market access and so contribute to the EUs foreign policy objectives towards developing countries and neighbouring countries in Europe, including the countries of the Balkans. Previous preferential trade schemes have been ineffective in delivering improved access to the EU market. The main reason for this is probably the very restrictive rules of origin that the EU imposes, coupled with the costs of proving consistency with these rules. If the EU wants the &#x2018;Everything but Arms&#x2019; agreement and free trade agreements with countries in the Balkans to generate substantial improvements in access to the EU market for products from these countries then it will have to reconsider the current rules of origin and implement less restrictive rules backed upon by a careful safeguards policy.</subfield>
  </datafield>
  <datafield tag="651" ind1=" " ind2=" ">
    <subfield code="a">Balkan States</subfield>
  </datafield>
  <datafield tag="651" ind1=" " ind2=" ">
    <subfield code="a">European Union</subfield>
  </datafield>
  <datafield tag="700" ind1="1" ind2=" ">
    <subfield code="a">Manchin, Miriam</subfield>
  </datafield>
  <datafield tag="830" ind1=" " ind2="0">
    <subfield code="v">27</subfield>
    <subfield code="w">WIIW0000140</subfield>
    <subfield code="t">wiiw Balkan Observatory Working Papers</subfield>
  </datafield>
  <datafield tag="856" ind1="4" ind2="0">
    <subfield code="u">https://wiiw.ac.at/p-3298.html</subfield>
  </datafield>
  <datafield tag="942" ind1=" " ind2=" ">
    <subfield code="c">P</subfield>
    <subfield code="2">z</subfield>
  </datafield>
  <datafield tag="999" ind1=" " ind2=" ">
    <subfield code="c">8745</subfield>
    <subfield code="d">8745</subfield>
  </datafield>
  <datafield tag="952" ind1=" " ind2=" ">
    <subfield code="0">0</subfield>
    <subfield code="1">0</subfield>
    <subfield code="4">0</subfield>
    <subfield code="7">0</subfield>
    <subfield code="a">BIB</subfield>
    <subfield code="b">BIB</subfield>
    <subfield code="c">1</subfield>
    <subfield code="d">2002-06-27</subfield>
    <subfield code="i">pwiiw3298</subfield>
    <subfield code="l">0</subfield>
    <subfield code="o">27</subfield>
    <subfield code="p">1000010003298</subfield>
    <subfield code="r">2002-06-27 00:00:00</subfield>
    <subfield code="w">2019-02-05</subfield>
    <subfield code="y">P</subfield>
  </datafield>
</record>
